|
|
|
|
| LEADER |
01151nam a2200277 u 4500 |
| 001 |
10110267 |
| 003 |
upatras |
| 005 |
20210117204726.0 |
| 008 |
130627s1992 uk eng |
| 020 |
|
|
|a 0140433627
|
| 040 |
|
|
|a GR-PaULI
|c GR-PaULI
|
| 041 |
0 |
|
|a eng
|
| 082 |
0 |
4 |
|a 823.7
|
| 100 |
1 |
|
|a Shelley, Mary Wollstonecraft,
|d 1797-1851
|4 aut
|9 134079
|
| 245 |
1 |
0 |
|a Frankenstein
|b or the modern Prometheus
|c Mary Shelley ; edited with an introduction by Maurice Hindle
|
| 260 |
|
|
|a London
|b Penguin Books
|c 1992
|
| 300 |
|
|
|a xxx, 273 σ.
|c 20 εκ.
|
| 490 |
0 |
|
|a Penguin classics
|
| 650 |
|
4 |
|a Αγγλικό μυθιστόρημα
|y 19ος αιώνας
|9 31024
|
| 700 |
1 |
|
|a Hindle, Maurice
|4 edt
|4 aui
|9 134080
|
| 760 |
0 |
|
|a Penguin classics
|
| 852 |
|
|
|a GR-PaULI
|b ΠΑΤΡΑ
|b ΒΚΠ
|b ΒΣ2
|k ΑΣΧΞ
|h 823.7 SHE
|m 116477
|p 025000171097
|t 1
|
| 942 |
|
|
|2 ddc
|c BK15
|
| 952 |
|
|
|0 0
|1 0
|4 0
|6 823_700000000000000_SHE
|7 0
|9 156397
|a LISP
|b LISP
|c BSC
|d 2016-04-24
|i 116477
|l 3
|m 1
|o 823.7 SHE
|p 025000171097
|r 2024-11-01 14:50:16
|s 2024-10-10
|t 1
|w 2016-04-24
|y BK15
|
| 998 |
|
|
|c ΜΠΟΥΡΑΣ
|d 2013-06
|
| 999 |
|
|
|c 99132
|d 99132
|